| 000 | 00000nas 2200000za 4500 |
| 001 | 9.507817 |
| 003 | CaOODSP |
| 005 | 20241203113633 |
| 007 | cr ||||||||||| |
| 008 | 150406d19992005xxc|| p o||||f| |0eng|d |
| 040 | |aCaOODSP|beng |
| 043 | |an-cn--- |
| 086 | 1 |aEn81-22E-PDF |
| 110 | 1 |aCanada. |bEnvironment Canada. |
| 245 | 10|aCanada's response to the recommendations in the ... biennial report on Great Lakes water quality of the International Joint Commission. |
| 264 | 1|aOttawa, Ontario : |bEnvironment Canada |
| 310 | |aBiennial |
| 362 | 1 |a1999-[2005]. |
| 690 | 07|aWater quality|2gcpds |
| 775 | 08|tRéponse du Canada aux recommandations du ... rapport biennal sur la qualité de l'eau dans les Grands Lacs de la Commission mixte internationale.|w(CaOODSP)9.504197 |